Đảo mộng mơ truyện

Sparad:
Bibliografiska uppgifter
Huvudupphovsman: Nguyễn, Nhật Ánh
Övriga upphovsmän: Đỗ, Hoàng Tường (Minh họa)
Materialtyp: Bok
Språk:Vietnamese
Publicerad: TP. Hồ Chí Minh Trẻ 2018
Upplaga:Tái bản lần thứ 21
Ämnen:
Taggar: Lägg till en tagg
Inga taggar, Lägg till första taggen!
Thư viện lưu trữ: Trung tâm Học liệu Lê Vũ Hùng, Trường Đại học Đồng Tháp
LEADER 00925pam a22002658a 4500
001 00042590
005 20181004161048.0
008 141103s2013 ||||||viesd
020 # # |a 9786041005624  |c 45000 
041 0 # |a vie 
082 1 4 |a 895.922 34  |b Đ108M 
100 1 # |a Nguyễn, Nhật Ánh 
245 1 0 |a Đảo mộng mơ  |b truyện  |c Nguyễn Nhật Ánh; Đỗ Hoàng Tường (minh họa) 
250 # # |a Tái bản lần thứ 21 
260 # # |a TP. Hồ Chí Minh  |b Trẻ  |c 2018 
300 # # |a 254 tr.  |c 21 cm.  |b minh họa 
653 # # |a Thế kỷ 20 
653 # # |a Truyện 
653 # # |a Văn học Việt Nam 
653 # # |a Văn học hiện đại 
653 # # |a Văn học thiếu nhi 
700 1 # |a Đỗ, Hoàng Tường  |e Minh họa 
852 # # |j KD.0024656 
910 |d 04/10/2018 
980 # # |a Trung tâm Học liệu Lê Vũ Hùng, Trường Đại học Đồng Tháp